000 00500nam a2200193Ia 4500
003 GCL
008 140319s9999 xx 000 0 eng d
040 _aGCL /
_cGCL
082 0 4 _a759
_bT P
100 1 _aTOBIEN, FELICITAS
245 1 0 _aPAUL CEZANNE /
_cTOBIEN, FELICITAS
260 _a[S.N] :
_bZACHARY KWINTNER BOOKS, LTD. ،
_c1991
300 _a91 P
490 _aPARTFOLIO COLLECTION
_v0
650 0 4 _aCEZANNE, PAUL 1839 - 1906
650 0 4 _aARTS
650 0 4 _aPAINTING
942 _2ddc
_cBK
999 _c21090
_d21090